000 00732nam a22002057a 4500
005 20250201062519.0
999 _c17927
_d17927
008 230206b ||||| |||| 00| 0 eng d
082 _aDPer 510.5 Am351 June - August 2021 v143 no. 3-4
100 _aHan, Jingjun.
_eauthor.
_947712
245 _aACC for log canonical threshold polytopes /
_cJingjun Han, Zhan Li, and Lu Qi
260 _aBaltimore, MaryLand U.S.,
_bJohns Hopkins University Press,
_cJune 2021.
300 _avolume 143, pages 681-714.
650 0 _aArithmetic.
_922690
650 _aMathematics.
_947713
650 _aGeometry.
_947714
700 _aHan, Jingjun.
_eauthor.
_947712
700 _aLi, Zhan.
_eauthor.
_947715
700 _aQi, Lu.
_eauthor.
_947716
942 _2ddc
_cPER